书目信息 |
| 题名: |
新编公民刑事法律手册
|
|
| 作者: | ;中国法制出版社 | |
| 分册: | ||
| 出版信息: | 北京 中国法制出版社 2003.03 |
|
| 页数: | 569页 | |
| 开本: | 19cm | |
| 丛书名: | ||
| 单 册: | ||
| 中图分类: | D922.149-62 | |
| 科图分类: | ||
| 主题词: | 法律--中国 | |
| 电子资源: | ||
| ISBN: | 7-80083-419-0 | |
| 000 | 00605nam0 2200193 45 | |
| 001 | 0335309840 | |
| 005 | 2003050509482940 | |
| 010 | @a7-80083-419-0@dCNY 30.00 | |
| 100 | @a20030505d2003 km y0chiy0120 ea | |
| 101 | 0 | @achi |
| 102 | @aCN@b110000 | |
| 200 | 1 | @a新编公民刑事法律手册@Axin bian gong min xing shi fa lu shou ce@f中国法制出版社@Fzhong guo fa zhi chu ban she |
| 210 | @a北京@c中国法制出版社@d2003.03 | |
| 215 | @a569页@d19cm | |
| 606 | 0 | @a法律@x中国 |
| 690 | @aD922.149-62@v4 | |
| 711 | 0 | @a中国法制出版社@Azhong guo fa zhi chu ban she |
| 801 | 0 | @aCN@bPFT@c20030505 |
| 905 | @dD922.149-62@eZ558 | |
| 新编公民刑事法律手册/中国法制出版社.-北京:中国法制出版社,2003.03 |
| 569页;19cm |
| ISBN 7-80083-419-0:CNY 30.00 |
| ● |
| 相关链接 |
|
|
|
正题名:新编公民刑事法律手册
索取号:D922.149-62/Z558
 
预约/预借
| 序号 | 登录号 | 条形码 | 馆藏地/架位号 | 状态 | 备注 |
| 1 | 366779 | 203667790 | 社科库509/ [索取号:D922.149-62/Z558] | 在馆 |